000 00407nmm a2200145Ia 4500
008 251105s9999||||xx |||||||||||||||||und||
041 _aspa
100 _ay Valentín Franco, Mariola Pizarro
245 2 _aA la selva
264 _a[Madrid, España] :
_bLantia,
_c2017
300 _a0 páginas
650 _aAges 9-12 Years Old
856 _uhttps://public.digitaliapublishing.com/a/87521
942 _cCF
999 _c106369
_d106369